Immigration Spanien - Statistiken

Allgemein
  • Dieses Quiz wurde 94 mal gespielt
  • Das Durchschnittsergebnis liegt bei 25 aus 33
Antwortstatistiken
Platz Land Anzahl % Korrekt
13. Deutschland 167.388
94%
9. Frankreich 210.529
94%
1. Marokko 935.089
94%
23. Portugal 95.221
94%
16. Italien 143.151
90%
6. Argentinien 293.037
88%
15. Brasilien 156.499
88%
28. Chile 62.410
86%
29. Mexiko 61.276
85%
5. Venezuela 396.188
85%
32. Vereinigte Staaten 56.847
85%
3. Kolumbien 514.110
84%
24. Uruguay 82.353
84%
12. Bolivien 178.829
83%
20. Paraguay 107.354
81%
8. Peru 244.827
81%
22. Russland 97.447
81%
7. Vereinigtes Königreich 268.957
81%
26. Algerien 71.474
80%
10. China 208.788
80%
4. Ecuador 416.527
74%
30. Schweiz 60.637
69%
14. Kuba 164.853
68%
18. Ukraine 116.155
67%
31. Indien 58.458
63%
2. Rumänien 566.204
59%
17. Honduras 133.297
58%
27. Nicaragua 63.375
58%
11. Dominikanische Republik 186.395
56%
19. Bulgarien 113.194
51%
33. Philippinen 52.426
48%
25. Senegal 79.903
44%
21. Pakistan 101.406
38%
Keine übereinstimmenden Quizze gefunden
Verteilung der Resultate
Anzahl Personen mit jedem Resultat
Perzentil nach korrekt beantworteten Fragen
Ihre Resultats-Entwicklung
Sie haben dieses Quiz noch nicht gespielt